000 00702nas a2200265 4500
001 BR6010738
003 BR-BrBNA
005 20231205082128.0
007 ta
008 230509b bl.|||p| |||| 00| 00por d
040 _aBR-BrBNA
_bpor
_cBiblioteca Nacional de Agricultura
041 _a(Pt)
072 _aF01
100 1 _aCiaramello, D.
245 1 _aCultura do "Kenaf"
650 _aKENAF
650 _aPAPOULA DE SAO FRANCISCO
650 _aCLIMA
650 _aSOLO
650 _aCOLHEITA
650 _aFIBRA VEGETAL
773 0 _tAgronomico (Brazil)
_xISSN 0365-2726
_g(Jan-Feb 1960), v. 12(1-2) p. 15-18
_wBR6010738
909 _a202311
_bLúcia
_c55
_dLúcia Elande
942 _2AGRIS
_n0
_cANA
999 _c89363
_d89363